MARC

LEADER 00000nam0a2200000 4500
001 14719
005 20231101204952.0
010 |a 5742200471 
035 |a (RuTPU)RU\TPU\book\14817 
035 |a BOOK00014886 
090 |a 14719 
100 |a 20011209d1998 m y0rusy50 ca 
101 0 |a rus 
102 |a RU 
105 |a y j 000zy 
200 1 |a Дифракционные методы исследования структур  |e учебное пособие  |f Д. М. Васильев 
210 |a СПб.  |c Изд-во СПбГТУ  |d 1998 
215 |a 502 с. 
606 1 |a Кристаллы  |x Рентгеноструктурный анализ  |2 stltpush  |3 (RuTPU)RU\TPU\subj\80345  |9 88070 
610 1 |a материаловедение 
610 1 |a физика 
610 1 |a твердые тела 
610 1 |a жидкие тела 
610 1 |a структура 
610 1 |a дифракция 
610 1 |a теория 
610 1 |a математические основы 
610 1 |a металлы 
610 1 |a учебные пособия 
675 |a 548.73(075.8)  |v 3 
700 1 |a Васильев  |b Д. М.  |g Дмитрий Михайлович 
801 0 |a RU  |b 63413507  |c 20011209  |g PSBO 
801 2 |a RU  |b 63413507  |c 20200828  |g PSBO 
900 |a Методы исследования материалов и процессов 
942 |c BK